000
00281nam a2200121Ia 4500
008
190216s9999||||xx |||||||||||||| ||und||
100
_a
Jonathan Wilson
245
0
_a
Essentials Of Business Research
260
_b
Sage Pub
_c
2010
300
_a
316
650
_a
Commerce
942
_c
BK
999
_c
7955
_d
7955